Situación mundial de los cultivos biotecnológicos / GM comercializados : (Registro nro. 19019)

Detalles MARC
000 -CABECERA
Campo de control 00859nam a22002297a 4500
005 - FECHA Y HORA DE LA ULTIMA TRANSACCION
Campo de control 20160913115045.0
008 - ELEMENTOS DE LONGITUD FIJA—INFORMACION GENERAL
Campo de control 160913b2014 nyua||||r|||| 00| 0 spa d
020 ## - ISBN
ISBN 9781892456591
040 ## - FUENTE DE CATALOGACIÓN
Agencia catalogadora original CO-BoIAVH
Agencia transcriptora CO-BoIAVH
041 1# - IDIOMA
Código de idioma para texto/pista de sonido o título separado Español
Código de idioma de la versión original y/o traducciones intermedias del texto Inglés
044 ## - PAÍS DE PUBLICACIÓN
País de publicación Estados Unidos
090 ## - CLASIFICACIÓN LOCAL
Colección FG-
Consecutivo 0058
100 1# - ASIENTO PRINCIPAL--NOMBRE PERSONAL
Nombre personal James, Clive
Término relacionado autor
9 (RLIN) 14981
245 10 - MENCION DE TITULO
Título Situación mundial de los cultivos biotecnológicos / GM comercializados :
Parte restante del título 2014 /
Mención de responsabilidad Clive James
260 ## - PUBLICACION, DISTRIBUCION, ETC. (PIE DE IMPRENTA)
Lugar de publicación, distribución, etc. Ithaca, NY, Estados Unidos :
Nombre del editor, distribuidor, etc. ISAAA,
Fecha de publicación, distribución, etc. 2014.
300 ## - DESCRIPCION FISICA
Extensión iv, 24 páginas :
Otros detalles físicos ilustraciones, mapas y gráficas ;
Dimensiones 28 x 22 cm.
500 ## - NOTA GENERAL
Nota general ISAAA: Resumen ejecutivo. Informe 49.
650 26 - ASIENTO SECUNDARIO DE MATERIA - TERMINO TEMATICO
Término temático o nombre geográfico como elemento de entrada Biotecnología vegetal
Subdivisión general Cultivos
Subdivisión de forma Informes
9 (RLIN) 76244
650 26 - ASIENTO SECUNDARIO DE MATERIA - TERMINO TEMATICO
Término temático o nombre geográfico como elemento de entrada Biotecnología vegetal
Subdivisión general estado
Subdivisión de forma Informes
9 (RLIN) 76245
650 26 - ASIENTO SECUNDARIO DE MATERIA - TERMINO TEMATICO
Término temático o nombre geográfico como elemento de entrada Cultivos biotecnológicos
Subdivisión general siembra
Subdivisión de forma Informes
9 (RLIN) 76246
942 ## - ELEMENTOS ADICIONALES (KOHA)
Sistema de clasificación Local
Tipo de ítem Folleto
Existencias
Withdrawn status Lost status Sistema de Clasificación Damaged status No para préstamo Colección Inventariado Ubicación Permanente Ubicación actual Fecha de adquisición Total Checkouts Número topográfico Inventario / Código de Barras Date last seen Ejemplar Price effective from Forma de adquisición Tipo de material
    Local     Hemeroteca Inventariado 2017 Bogotá Bogotá 13/09/2016   FG-0058 040673 13/09/2016 Ej. 1 13/09/2016 Donación Folleto